000 00672nam a2200229 u 4500
001 000002702
003 DO-SdBNP
005 20230216091838.0
007 ta
008 090703s1986 dr r 000 0 spa d
040 _aDO-SdBNP
_bspa
_cBNPHU
082 _a070.442
_bC355r
_222
100 1 _aCastro, Aníbal de
_98531
245 1 1 _aR.D. Frente a su propia realidad :
_bconferencias y editoriales /
_cAníbal de Castro.
260 _aRepública Dominicana :
_bMograf,
_c1986.
300 _a450 p. ;
_c20 cm.
500 _aIncluye índice
590 _aInventariado, 2023 / DG
650 4 _aEnsayos periodísticos
_xColecciones
_983131
910 _aDG
942 _2ddc
_cLBS1
999 _c2538
_d2538